| Поле | Инд. | ПП | Название | Значение |
|---|---|---|---|---|
| Тип записи | a | |||
| Библиографический уровень | m | |||
| 001 | Контрольный номер | 2e697e6234e24397bda747ff33b87a39 | ||
| 005 | Дата корректировки | 20150922082937.1 | ||
| 020 | a | ISBN | 978-5-358-01704-7 | |
| 080 | a | Индекс УДК | 910.4(100)(26)"18" | |
| 084 | a | Индекс другой классификации/Индекс ББК | Д9(0)022 | |
| 084 | a | Индекс другой классификации/Индекс ББК | Д8д(2)Головин | |
| 090 | a | Полочн. индекс | Д9(0)02 | |
| x | Авторский знак | Г 61 | ||
| 100 | 1_ | a | Автор | Головнин Василий Михайлович |
| q | Полное имя | Головнин В. М. | ||
| 245 | 00 | a | Заглавие | Путешествия вокруг света |
| c | Ответственность | [предисл. к.г.н. В. А. Низовцева] | ||
| 260 | c | Дата издания | 2007 | |
| a | Место издания | Москва | ||
| b | Издательство | Дрофа | ||
| 300 | a | Объем | 893, [1] с. | |
| b | Иллюстрации/ тип воспроизводства | ил., портр., факс. | ||
| 520 | 0_ | a | Аннотация | Отважный мореплаватель В. М. Головнин, чья жизнь стала воплощением лучших душевных качеств, оставил нам великолепное литературное наследство – записки о своих кругосветных плаваниях. Его «Записки в плену у японцев в 1811, 1812 и 1813 годах» были переведены практически на все европейские языки. Спустя столетия сочинения известного путешественника вызывают интерес у каждого, кто стремится познать неизведанное. |
| 653 | 0_ | a | Ключевые слова | Кругосветные путешествия |
| a | Ключевые слова | Путешествия | ||
| a | Ключевые слова | Морские путешествия | ||
| a | Ключевые слова | Головин Василий Михайлович | ||
| a | Ключевые слова | 19 в. | ||
| a | Ключевые слова | Мореходы | ||
| a | Ключевые слова | Мореплаватели | ||
| a | Ключевые слова | Географы России | ||
| a | Ключевые слова | Русские мореплаватели | ||
| a | Ключевые слова | Кораблекрушения | ||
| 700 | 12 | a | Другие авторы | Низовцев Вячеслав Алексеевич |
| c | Титул (звание) | к.г.н. | ||
| e | Роль лиц | Автор предисловия | ||
| 901 | t | Тип документа | m | |
| 920 | a | Оператор | Хохл | |
| a | Оператор | Суха | ||
| a | Оператор | Густ | ||
| a | Оператор | Стро | ||
| 930 | a | Новая/Ретро | новая | |
| 952 | c | Вид литературы | К рн | |
| 954 | b | Дата поступления в ОК | 20150914 | |
| a | Дата поступления на обработку | 20150914 | ||
| c | Дата окончания ОНО | 20150922 |